Dialectic in practical religion
Αποθηκεύτηκε σε:
| Άλλοι συγγραφείς: | |
|---|---|
| Μορφή: | Βιβλίο |
| Γλώσσα: | English |
| Δημοσίευση: |
Cambridge :
Cambridge University Press,
1968
|
| Σειρά: | Cambridge papers in social anthropology ;
; 5 |
| Θέματα: | |
| Ετικέτες: |
Προσθήκη ετικέτας
Δεν υπάρχουν, Καταχωρήστε ετικέτα πρώτοι!
|
MARC
| LEADER | 00000nam a2200000 i 4500 | ||
|---|---|---|---|
| 001 | 1/78541 | ||
| 008 | 961223s1968 eng d | ||
| 020 | |a 0-521-05525-3 | ||
| 035 | |l 10004596 | ||
| 040 | |a GR-MY-UA |b gre |e aacr | ||
| 041 | 0 | |a eng | |
| 082 | 0 | |a 306.6 | |
| 245 | 1 | 0 | |a Dialectic in practical religion / |c Edited by E. R. Leach |
| 260 | |a Cambridge : |b Cambridge University Press, |c 1968 | ||
| 300 | |a 207 p. | ||
| 490 | 1 | |a Cambridge pepers in social anthropology |v ; 5 | |
| 504 | |a Includes bibliographical references | ||
| 650 | 0 | 0 | |a Religion and sociology. |
| 650 | 0 | 0 | |a Buddhism and social problems. |
| 650 | 0 | 0 | |a Ethnology. |
| 700 | 1 | |a Leach, Edmund Ronald. |4 edt | |
| 830 | 0 | |a Cambridge papers in social anthropology ; |v ; 5 | |
| 852 | |a INST |b LESVOS |e 19961223 |h 306.6 DIA |p 005100008750 |q 005100008750 |t BK |y 0 | ||
| 909 | |a Λ |b 005990 | ||